00308nam a2200109Ia 450000500170000000800410001710000210005824500670007926000280014630000110017465000130018520260328104341.0260328s9999||||xx |||||||||||||| ||und|| aMillward, James  4aThe Silk Road :b a very short Introduction /cJames Millward bOxford University Press a151 p. aHISTORIA